Quizzes
Events
Quiz Creation
Community
Videos
Private Events
Remove Ads
Sign In
Join for FREE
Feedback
Dark Mode
Quiz Categories
Sports
Geography
Music
Movies
Television
Just For Fun
Miscellaneous
History
Literature
Language
Science
Gaming
Entertainment
Religion
Holiday
For Kids
Quiz Lab
Recent
Popular Today
Quiz Kudos Today
Editor Picks
Curator Picks
Quizzes by...
Day
Popularity
Type
Ratings
Length
Year
Community
Subscriptions
Recent Discussions
Orange Saloon
Badges
Playlists
Quests
Create
Leaderboards
Showdown
Live 5
Trivia Bingo
Activity
Puzzle Library
Sporcle Events
Private Events
Virtual Trivia
Globe League
Become a Host
Pub Owners
SporcleCon
Opinionation
Our Games
Videos
Blog
Mobile Apps
Partnerships
Remove Ads and Go Orange
Feedback
Music
Pop Music
The Beatles
Song
Album
Lyrics
Bands
Singers
Artist
Clip
Rock
Rap
Classical
Billboard
Country Music
Kpop
Taylor Swift
Music
Pop Music
The Beatles
Song
Album
Lyrics
Bands
Singers
Artist
Clip
Rock
Rap
Classical
Billboard
Country Music
Kpop
Taylor Swift
Random Quiz
Search Sporcle
×
Quiz Lab
Quiz Lab
Music
Song
Type in answers that appear in a list
Type in answers that appear in a list
Classic
Best Score? Go Orange.
Guess the Disney Song of the 90s Stats
Can you name the Disney song without any hints?
By
crystalsdontcry
9m
203 Questions
280 Plays
280 Plays
280 Plays
Comments
Comments
Give Quiz Kudos
Give Quiz Kudos
-
- Ratings
hide this ad
Replay
Link that replays current quiz
Next Quiz
Link to next quiz in quiz playlist
You Got
0%
They Got
Avg Score
54%
Avg Friend Score
Upgrade to see
Score Distribution
Jump to the score distribution portion of the page
Score
0/203
Timer
09:00
0
Plays Today
% Correct
I
98.9%
I
98.9%
I
98.9%
I
98.9%
I
98.9%
I
98.9%
I
98.9%
I
98.9%
I
98.9%
the
94.3%
The
94.3%
the
94.3%
the
94.3%
the
94.3%
the
94.3%
the
94.3%
the
94.3%
the
94.3%
the
94.3%
the
94.3%
the
94.3%
the
94.3%
the
94.3%
the
94.3%
the
94.3%
the
94.3%
the
94.3%
the
94.3%
a
93.2%
a
93.2%
you
90.7%
you
90.7%
an
80.7%
be
80.4%
can
80.4%
be
80.4%
is
79.6%
is
79.6%
and
74.3%
love
73.6%
in
72.9%
What
72.5%
what
72.5%
what
72.5%
what
72.5%
me
71.4%
me
71.4%
me
71.4%
we
70.4%
we
70.4%
to
69.6%
it
69.3%
what's
67.5%
for
67.1%
for
67.1%
for
67.1%
for
67.1%
for
67.1%
for
67.1%
do
65%
do
65%
of
64.6%
of
64.6%
that
63.9%
that
63.9%
that
63.9%
where
63.2%
about
61.8%
% Correct
who
61.8%
my
61.4%
my
61.4%
know
60.4%
know
60.4%
why
59.6%
can't
59.3%
can't
59.3%
knowing
59.3%
just
58.2%
just
58.2%
just
58.2%
just
58.2%
just
58.2%
just
58.2%
just
58.2%
just
58.2%
just
58.2%
there
55.4%
most
55%
like
55%
at
54.3%
But
51.1%
as
51.1%
don't
49.6%
don't
49.6%
all
48.6%
ever
48.6%
all
48.6%
all
48.6%
look
48.2%
look
48.2%
rivers
47.5%
river
47.5%
or
46.8%
or
46.8%
more
46.1%
more
46.1%
around
45.7%
around
45.7%
around
45.7%
around
45.7%
around
45.7%
around
45.7%
around
45.7%
around
45.7%
around
45.7%
around
45.7%
never
44.3%
same
43.9%
riverbend
43.9%
riverbend
43.9%
once
43.9%
riverbend
43.9%
riverbend
43.9%
riverbend
43.9%
riverbend
43.9%
once
43.9%
riverbend
43.9%
riverbend
43.9%
riverbend
43.9%
riverbend
43.9%
always
43.6%
always
43.6%
our
43.6%
dream
43.2%
dreams
43.2%
dreams
43.2%
% Correct
should
43.2%
should
43.2%
water's
42.5%
twice
41.8%
people
41.1%
live
40.7%
step
40.4%
day
40.4%
wait
40%
must
38.9%
flowing
37.5%
beyond
37.1%
beyond
37.1%
beyond
37.1%
changing
36.8%
shore
36.1%
shore
36.1%
feel
35.7%
end
35.4%
guess
34.6%
waiting
33.9%
sea
33.9%
might
33.6%
might
33.6%
marry
33.6%
free
32.9%
pay
32.5%
price
32.5%
something
31.8%
coming
31.4%
coming
31.4%
still
31.4%
these
31.1%
drum
31.1%
fly
30.7%
chance
30.4%
those
30%
steady
30%
lose
29.6%
right
29.6%
beating
29.3%
safe
28.9%
Kocoum
28.9%
dream giver
28.9%
somewhere
28.6%
choose
28.6%
course
28.6%
dreaming
28.6%
gulls
28.2%
sturdy
28.2%
sturdy
28.2%
walls
28.2%
smoothest
28.2%
handsome
27.9%
handsome
27.9%
husband
27.5%
builds
27.5%
waterfalls
27.1%
past
27.1%
trees
26.4%
sound
26.4%
behind
26.1%
distant
25.7%
drumming
25.4%
send
25%
ignore
24.6%
extend
20.4%
Quiz Playlist
Details
Report
Send in Message
Add To Playlist
Classic:
Type in answers that appear in a list
Last Updated: Feb 16, 2017
Quiz Scoreboard
CHALLENGE
Sign Up to Join the Scoreboard
Show All
Scores
Hide
Comments
May contain spoilers
Recently Published
9x9 Crossword: Cartoon Network
by jackfrog10
Miscellaneous
3m
College Basketball Coaching Resumes
by pancakes188
Sports
9m
Billboard Blitz: Fleetwood Mac
by CooCooCachoo
Music
15s
More to Explore
Quiz From the Vault
Featured Blog Post
Where Did the Easter Bunny Come From?
hide this ad
You Might Also Like...
Tags
Disney Quiz
Song Quiz
1990s
Today's Top Quizzes in Music
Browse Music
hide this ad
Today's Top Quizzes in Song
Browse Song
Top Contributed Quizzes in Music
1
Taylor Swift All Songs (2024)
2
Guess the Artist- 70s Songs
3
7-to-1: Billboard Hot 100 #1 Hits of 2010s
4
Taylor Swift Logic Puzzle
5
Sorting Albums and Songs
6
KPOP LOGIC QUIZ
7
Guess the Taylor Swift song (Mystery Song)
8
Guess The Taylor Swift Lyrics Song #1
9
Billboard Blitz: ABBA
10
Billboard Blitz: The Beatles
Explore More
Trending Topics
Anime
Crossword
NBA
Harry Potter
Marvel
Disney
Kpop
NFL
The Office
Puzzle
Song
Soccer
WWE
Country
Pokémon
hide this ad
More By:
crystalsdontcry
Quiz
Plays
Rating
Category
Featured
Created
Guess the Disney Song of the 90s
280
4.00
Music
Sep 10, 2011
Go to Creator's Profile
Score Distribution
Quiz Creator Spotlight
crystalsdontcry
Follow
Send a Message
Quizzes Created
-
Created Quiz Play Count
-
More By This Creator
Popular Quizzes Today
1
Find the US States - No Outlines Minefield
2
Find the Countries of Europe - No Outlines Minefield
3
The Countries of the World
4
Find the US States
5
Risky Map Clicking: Biggest States A-Z
6
US States
7
Popular People in 1961
8
Movies - When Are They Set?
More Music Quizzes
Named Symphonies
Published
Trending Quizzes
Risky Map Clicking: Least Populous States A-Z
1-10 Letter G Words
Risky Map Clicking: Next State Alphabetically
Adjectives in 80s TV Shows
Risky Map Clicking: Biggest States A-Z
Recently Updated
Leaping Animals
pecheneg
Reality TV Shows (A-Z)
bhenderson79
Rickey Henderson's Hall of Fame Teammates
pecheneg
Champions League XIs: Arsenal
pecheneg
Quick Pick: Celebrities in WWE's Hall of Fame
aduchscher
A-Z Keypad Blitz II
pecheneg
Multiple Oscar Actors
pecheneg
Mystery Phrase Blitz: Oscar 'Best Actors'
pecheneg
F. Scott Fitzgerald Novels
LTH
Pick 3 Villains
ddd62291
Trending Topics
Harry Potter
Marvel
Anime
NBA
Crossword
Disney
Kpop
Pokémon
The Office
Country
Puzzle
NFL
Soccer
WWE
Song
Your Account Isn't Verified!
In order to create a playlist on Sporcle, you need to verify the email address you used during registration. Go to your
Sporcle Settings
to finish the process.
Report this User
Report this user for behavior that violates our
Community Guidelines
.
Details:
Send Report
Go to the Sporcle.com Mobile Site →
Comments